00659nam a2200169Ia 4500008004100000082001600041100002500057245002500082250000800107260003300115300001100148650001500159942001200174952014400186952014400330999001500474150201s2012 xx 000 0 und d a618.1bW12H aHOFFMAN , BARBARA L. aWILLIAMS GYNAECOLOGY a2ND bMC GROW HILLaNEW YORKc2012 a1-1401 aGYNECOLOGY 2ddccBK 00102ddc40718MEDICALaFMbFMcREFd2014-01-23eABC DELHIg75.00iSGTUl0o618.1 W12HpFM5927r2015-02-09 00:00:00w2014-02-17yBKk4209 00102ddc40718MEDICALaFMbFMcREFd2014-01-23eABC DELHIg75.00iSGTUl0o618.1 W12HpFM5928r2015-02-09 00:00:00w2014-02-17yBKk4209 c1701d1701